• 首页
  • 本馆介绍
  • 公告通知
  • 最新文献
  • 馆藏检索
  • 电子资源
  • 读者导购
  • 参考咨询
  • 我的图书馆
  • 登录
  • 详细信息显示
  • 放入我的书架
  • 预约/预借图书
  • 作者相关作品
  • 分类相关作品
  • 丛书相关作品
  • 出版社相关作品

书目信息

  • 表格格式
  • 工作单格式
  • 卡片格式
题名:
电影放映光源整流设备
    
 
作者: 傅萧雍 著
分册:  
出版信息: 北京   中国电影出版社  1981
页数: 159页
开本: 19cm
丛书名:
单 册:
中图分类: TB857
科图分类:
主题词: 光源-电影放映机-整流器 , 整流器-光源-电影放映机 , 电影放映机-光源-整流器
电子资源:
ISBN:
000 00703nam0 2200253 45
001 0181000240
005 20060802102657.95
010    @dCNY0.67
091    @a15061.150
100    @a19950615d1981 kemy0chiy0121 ea
101 0  @achi
102    @aCN@b110000
105    @ay z 000yy
200 10 @a电影放映光源整流设备@Adian ying fang ying guang yuan zheng liu she bei@f傅萧雍著
210    @a北京@c中国电影出版社@d1981
215    @a159页@d19cm
606    @a光源-电影放映机-整流器
606    @a整流器-光源-电影放映机
606    @a电影放映机-光源-整流器
690    @aTB857@v3
701  0 @a傅萧雍@Afu xiao yong@4著
801  2 @aCN@bNLC@c20060802
801  0 @aCN@bTSSF
905    @a10447@dTB857@e121
    
    电影放映光源整流设备/傅萧雍著.-北京:中国电影出版社,1981
    159页;19cm
    
    
    ISBN :CNY0.67
    
●
相关链接 在E读中查询图书 在五车中查询图书 在当当中查询图书 在豆瓣中查询图书


正题名:电影放映光源整流设备     索取号:TB857/121         预约/预借

序号 登录号 条形码 馆藏地/架位号 状态 备注
1 0439445   204394459   密集书库/ [索取号:TB857/121] 在馆    
唐山师范学院图书馆 欢迎您!
大连网信软件有限公司© 版权所有